书目信息 |
| 题名: |
国际金融欺诈案例集
|
|
| 作者: | 杨长春 主编 | |
| 分册: | ||
| 出版信息: | 北京 对外经济贸易大学出版社 2002.12 |
|
| 页数: | 429页 | |
| 开本: | 21cm | |
| 丛书名: | 国际经济欺诈案例丛书 | |
| 单 册: | ||
| 中图分类: | D996.2 | |
| 科图分类: | ||
| 主题词: | 国际金融--诈骗--案例--汇编 | |
| 电子资源: | ||
| ISBN: | 7-81078-209-6 | |
| 000 | 00806nam 2200241 4500 | |
| 001 | 192004001901 | |
| 005 | 20070914162112.70 | |
| 010 | @a7-81078-209-6@dCNY23.00 | |
| 100 | @a20070531d2002 ekmy0chiy0121 ea | |
| 101 | 0 | @achi |
| 102 | @aCN@b110000 | |
| 105 | @ay z 000yy | |
| 200 | 1 | @a国际金融欺诈案例集@Aguo ji jin rong qi zha an li ji@f杨长春主编@Fyang chang chun zhu bian |
| 210 | @a北京@c对外经济贸易大学出版社@d2002.12 | |
| 215 | @a429页@d21cm | |
| 225 | 2 | @a国际经济欺诈案例丛书@Aguo ji jing ji qi zha an li cong shu |
| 330 | @a本书收录了证券欺诈案例、商业银行欺诈案例、保险欺诈案例等。 | |
| 410 | 0 | @12001 @a国际经济欺诈案例丛书 |
| 606 | 0 | @a国际金融@x诈骗@x案例@j汇编 |
| 690 | @aD996.2@v4 | |
| 701 | 0 | @a杨长春@Ayang chang chun@4主编 |
| 801 | 0 | @aCN@c20070914 |
| 905 | @dD996.2@eY150 | |
| 国际金融欺诈案例集/杨长春主编.-北京:对外经济贸易大学出版社,2002.12 |
| 429页;21cm.-(国际经济欺诈案例丛书) |
| ISBN 7-81078-209-6:CNY23.00 |
| 本书收录了证券欺诈案例、商业银行欺诈案例、保险欺诈案例等。 |
| ● |
| 相关链接 |
|
|
|
正题名:国际金融欺诈案例集
索取号:D996.2/Y150
 
预约/预借
| 序号 | 登录号 | 条形码 | 馆藏地/架位号 | 状态 | 备注 |
| 1 | 624082 | 206240824 | 社科库509/509社科库 111排1列1层/ [索取号:D996.2/Y150] | 在馆 | |
| 2 | 624083 | 206240833 | 社科库509/509社科库 111排1列1层/ [索取号:D996.2/Y150] | 在馆 | |
| 3 | 624084 | 206240842 | 社科库509/509社科库 111排1列1层/ [索取号:D996.2/Y150] | 在馆 |